书目信息 |
| 题名: |
公民治理
|
|
| 作者: | 博克斯 著 ;孙柏瑛 译 | |
| 分册: | ||
| 出版信息: | 北京 中国人民大学出版社 2005 |
|
| 页数: | 170 | |
| 开本: | 23cm | |
| 丛书名: | 公共行政与公共管理经典译丛 | |
| 单 册: | ||
| 中图分类: | D771.224 | |
| 科图分类: | ||
| 主题词: | 政治 | |
| 电子资源: | ||
| ISBN: | 7-300-06911-8 | |
| 000 | 00764nam0 2200229 450 | |
| 001 | 0760515518 | |
| 005 | 20070817164835.51 | |
| 010 | @a7-300-06911-8@d¥19.00 | |
| 100 | @a20070817d km y0chiy0120 ea | |
| 101 | 0 | @achi |
| 200 | 1 | @a公民治理@Agong min zhi li@e引领21世纪的美国社区@f(美)博克斯著@F(mei)bo ke si zhu@g孙柏瑛等译@Gsun bai ying deng yi |
| 210 | @a北京@c中国人民大学出版社@d2005 | |
| 215 | @a170@d23cm | |
| 225 | 2 | @a公共行政与公共管理经典译丛 |
| 410 | 0 | @12001 @a公共行政与公共管理经典译丛 |
| 517 | 1 | @a引领21世纪的美国社区@Ayin ling 21 shi ji de mei guo she qu |
| 606 | 0 | @a政治 |
| 690 | @aD771.224@v3 | |
| 701 | 0 | @a博克斯@Abo ke si@4著 |
| 702 | 0 | @a孙柏瑛@Asun bai ying@4译 |
| 801 | 0 | @aCN@bPFT@c20070817 |
| 905 | @a213230@dD771.224@eg7@f1 | |
| 公民治理:引领21世纪的美国社区/(美)博克斯著/孙柏瑛等译.-北京:中国人民大学出版社,2005 |
| 170;23cm.-(公共行政与公共管理经典译丛) |
| ISBN 7-300-06911-8:¥19.00 |
| ● |
| 相关链接 |
|
|
|
|
正题名:公民治理
索取号:D771.224/g7
 
预约/预借
| 序号 | 登录号 | 条形码 | 馆藏地/架位号 | 状态 | 备注 |
| 1 | 6503447 | 265034474 | 密集书库-海洋学院/ [索取号:D771.224/g7] | 在馆 | |
| 2 | 6503448 | 265034483 | 密集书库-海洋学院/ [索取号:D771.224/g7] | 在馆 |